00404nam a2200085Ia 4500008004100000245014000041260000900181300010100190650002700291180130s9999 xx 000 0 und d cFrenkel, Stephen J.; Yu, Kyoung-HeeaEmployment relations and human resource management in Asia: explaining patterns in Asian societies c2014 aBook title: The Oxford handbook of Asian business systems--Acession number C19643; pages 383-418 aBUSINESS SYSTEMS--ASIA